Blossoms of Bangalore (Record no. 1036)

000 -LEADER
fixed length control field 00233nam a2200097Ia 4500
008 - FIXED-LENGTH DATA ELEMENTS--GENERAL INFORMATION
fixed length control field 200302s9999 xx 000 0 und d
100 ## - MAIN ENTRY--PERSONAL NAME
Personal name t p Issar
245 ## - TITLE STATEMENT
Title Blossoms of Bangalore
260 ## - PUBLICATION, DISTRIBUTION, ETC.
Name of publisher, distributor, etc. United Breweries Group
300 ## - PHYSICAL DESCRIPTION
Extent 194 P.,
Holdings
Withdrawn status Lost status Damaged status Not for loan Permanent Location Current Location Date acquired Cost, normal purchase price Total Checkouts Full call number Barcode Date last seen Date last checked out Price effective from Koha item type
        BMS College of Architecture, Design and Planning BMS College of Architecture, Design and Planning 2020-03-03 750.00 1 635.90954 CL-UG34690 2025-10-08 2025-09-26 2020-03-03 UG Books from CL
Copyright © 2025, The Librarian, Library and Information Centre, BMSCA D&P, Bengaluru. All Rights Reserved
web counter

Powered by Koha